Možnosti a podmínky rozvoje alternativního zemědělství v Československu.

Charakteristika alternatívneho poľnohospodárstva. Faktory, ktoré ovplyvňujú ekonomický dopad alternatívneho poľnohospodárstva: podniková a výrobná štruktúra, potreba pracovných síl a pracovná náročnosť, naturálne výnosy, ceny produktov, ekonomické dopady premeny a rentabilita alternatívne hospodária...

Descrizione completa

Salvato in:
Dettagli Bibliografici
Autore principale: Jílková, Jiřina
Natura: Capitolo di libro
Lingua:ceco
Soggetti:
Tags: Aggiungi Tag
Nessun Tag, puoi essere il primo ad aggiungerne!!

MARC

LEADER 00000naa a2200000 4500
001 r003686
005 20221125075529.7
041 0 |a cze 
044 |a [CS] 
245 1 0 |a Možnosti a podmínky rozvoje alternativního zemědělství v Československu.  |c J. Jílková 
520 |a Charakteristika alternatívneho poľnohospodárstva. Faktory, ktoré ovplyvňujú ekonomický dopad alternatívneho poľnohospodárstva: podniková a výrobná štruktúra, potreba pracovných síl a pracovná náročnosť, naturálne výnosy, ceny produktov, ekonomické dopady premeny a rentabilita alternatívne hospodáriaceho podniku, odbyt produktov a perspektívy trhu - ich hodnotenie. Rozvoj alternatívneho poľnohospodárstva v ČSFR. 
610 2 0 |a poľnohospodárstvo alternatívne 
610 2 0 |a podnik poľnohospodársky 
610 2 0 |a štruktúra výroby 
610 2 0 |a sily pracovné 
610 2 0 |a ceny 
610 2 0 |a rentabilita podniku 
610 2 0 |a odbyt 
610 2 0 |a ČSFR 
610 2 0 |a farmy 
610 2 0 |a výnosy hektárové 
100 1 |a Jílková, Jiřina